India and China : (Record no. 148987)

MARC details
000 -LEADER
fixed length control field 00583nam a22001817a 4500
005 - DATE AND TIME OF LATEST TRANSACTION
control field 20180108160804.0
010 ## - LCCN (DPL NO)
LC control number ENG-122010
020 ## - INTERNATIONAL STANDARD BOOK NUMBER
International Standard Book Number 9789383723140
Terms of availability 395.00
035 ## - SYSTEM CONTROL NUMBER
System control number EN-105542
037 ## - SOURCE OF ACQUISITION
Source of stock number/acquisition DBAD/PUB
082 ## - DEWEY DECIMAL CLASSIFICATION NUMBER
Classification number 303.48254051
100 ## - MAIN ENTRY--PERSONAL NAME
Personal name Panikkar, K.M.
245 ## - TITLE STATEMENT
Title India and China :
Statement of responsibility, etc by K.M. Panikkar
Remainder of title a study of cultural relations /
260 ## - PUBLICATION, DISTRIBUTION, ETC. (IMPRINT)
Place of publication, distribution, etc Delhi
Name of publisher, distributor, etc LG Publishers Distributors
Date of publication, distribution, etc 2016
270 ## - ADDRESS
Address 49, Gali No. 14 Pratap Nagar, Mayur Vihar Phase i, Delhi 110091
300 ## - PHYSICAL DESCRIPTION
Extent 87p.
Dimensions 23cm(Hb)
Other physical details map
942 ## - ADDED ENTRY ELEMENTS (KOHA)
Source of classification or shelving scheme Dewey Decimal Classification
Item type English Books
Classification part 303.48254051
Call number suffix PAN
Holdings
Withdrawn status Lost status Not for loan Collection code Home library Current library Date acquired Source of acquisition Cost, normal purchase price Full call number Barcode Copy number Cost, replacement price Koha item type
    Not For Loan Non-fiction D.B.Act.Division Bawana 08/01/2018 DBAD/PUB 395.00 303.48254051 PAN EN-105542 1 395.00 English Books

© Delhi Public Library
Hit Counter
free hit counter